<?xml version="1.0" encoding="UTF-8"?>
<record
    xmlns:xsi="http://www.w3.org/2001/XMLSchema-instance"
    xsi:schemaLocation="http://www.loc.gov/MARC21/slim http://www.loc.gov/standards/marcxml/schema/MARC21slim.xsd"
    xmlns="http://www.loc.gov/MARC21/slim">

  <leader>00601nam a22001817a 4500</leader>
  <datafield tag="010" ind1=" " ind2=" ">
    <subfield code="a">ENG-143726</subfield>
  </datafield>
  <datafield tag="020" ind1=" " ind2=" ">
    <subfield code="a">9788197759024</subfield>
    <subfield code="c">895.00</subfield>
  </datafield>
  <datafield tag="035" ind1=" " ind2=" ">
    <subfield code="a">EN-127258</subfield>
  </datafield>
  <datafield tag="037" ind1=" " ind2=" ">
    <subfield code="b">DBAD</subfield>
  </datafield>
  <datafield tag="082" ind1=" " ind2=" ">
    <subfield code="a">344.54046</subfield>
  </datafield>
  <datafield tag="100" ind1=" " ind2=" ">
    <subfield code="a">Leelakrishnan , P.</subfield>
    <subfield code="9">77307</subfield>
  </datafield>
  <datafield tag="245" ind1=" " ind2=" ">
    <subfield code="a">Environmental Law in India /</subfield>
    <subfield code="c">by P. Leelakrishnan</subfield>
  </datafield>
  <datafield tag="260" ind1=" " ind2=" ">
    <subfield code="a">Haryana</subfield>
    <subfield code="b">Lexis Nexis</subfield>
    <subfield code="c">2025</subfield>
  </datafield>
  <datafield tag="270" ind1=" " ind2=" ">
    <subfield code="a">4th Floor, Building No.10, Tower-B, DLF Cyber City, Phase-II Gurgaon,</subfield>
    <subfield code="b">Haryana</subfield>
    <subfield code="e"> 122002</subfield>
  </datafield>
  <datafield tag="300" ind1=" " ind2=" ">
    <subfield code="a">xliv,479p.:</subfield>
    <subfield code="b">illus.</subfield>
    <subfield code="c">24cm(Pbk)</subfield>
  </datafield>
  <datafield tag="700" ind1=" " ind2=" ">
    <subfield code="a">Yogesh Pratap Singh</subfield>
    <subfield code="9">77296</subfield>
  </datafield>
  <datafield tag="942" ind1=" " ind2=" ">
    <subfield code="2">ddc</subfield>
    <subfield code="c">EN</subfield>
    <subfield code="h">344.54046</subfield>
    <subfield code="m">LEE</subfield>
  </datafield>
  <datafield tag="999" ind1=" " ind2=" ">
    <subfield code="c">208910</subfield>
    <subfield code="d">208910</subfield>
  </datafield>
  <datafield tag="952" ind1=" " ind2=" ">
    <subfield code="0">0</subfield>
    <subfield code="1">0</subfield>
    <subfield code="4">0</subfield>
    <subfield code="7">0</subfield>
    <subfield code="8">NFIC</subfield>
    <subfield code="a">L</subfield>
    <subfield code="b">L</subfield>
    <subfield code="d">2025-01-31</subfield>
    <subfield code="e">DBAD</subfield>
    <subfield code="g">895.00</subfield>
    <subfield code="l">1</subfield>
    <subfield code="m">1</subfield>
    <subfield code="o">344.54046 LEE</subfield>
    <subfield code="p">EN-127258</subfield>
    <subfield code="q">2026-06-06</subfield>
    <subfield code="r">2026-05-08 15:05:47</subfield>
    <subfield code="s">2026-05-08</subfield>
    <subfield code="t">1</subfield>
    <subfield code="v">895.00</subfield>
    <subfield code="w">2025-01-31</subfield>
    <subfield code="y">EN</subfield>
  </datafield>
</record>
